| 000 | 00365 a2200133 4500 | ||
|---|---|---|---|
| 000 | nam a22 7a 4500 | ||
| 020 | _a9789351711056 | ||
| 100 | _aSHAILENDRA KUMAR | ||
| 110 | _aSHAILENDRA KUMAR | ||
| 245 | _aBHARTIYA CHITRON MEIN HINDU-MUSLIM SAJHA SANSKRITI KE SUTRA | ||
| 260 |
_bHINDI BOOK CENTRE _c2018 |
||
| 264 |
_bHINDI BOOK CENTRE _c2018 |
||
| 942 | _cBK | ||
| 999 |
_c394792 _d394792 |
||